00988 2200277 4500001002100000005001500021035002000036007000300056008004100059020002200100082001000122084001900132100003000151245006900181250002100250300004100271650001700312700002900329520020600358264004000564336002100604337003000625338002300655990001600678990001600694INLIS00000000116435020240813124408 a0010-0824000172ta240813 g 0 ind  a978-623-7267-90-4 a632.6 aSR 632.6 EFR p0 aEfrin Firmansyahepenulis1 aPengantar Ilmu hama /cEfrin Firmansyah; penyunting, L. Mayasari aCetakan I : 2022 ax, 134 halaman :bilustrasi ;c23 cm 4aHama tanaman0 aMayasari, L.epenyunting aPengertian Hama & Kerugian Akibat Serangan Hama Penyebab Munculnya Hama pada Tanaman & Pengelompokan Hama Hama pada Bagian Daun, Batang, Akar, & Buah Tanaman • Dinamika Populasi & Ambang Ekonomi Hama aYogyakarta :bLily Publisher,c2022 2rdacontentateks 2rdamediaatanpa perantara 2rdacarrieravolume a53940.66760 a53941.66761